00464nam a2200205Ia 4500003000900000008004100009040001300050040001300063041000800076100002300084245005000107250001200157260001400169260000900183300001100192300001000203490001600213490000600229600002300235IT-RoPAU120407s9999 xx 000 0 und d aIT-RoPAU cIT-RoPAU aita aFrancesco Alberoni aStatu nascenti. Studi sui processi collettivi aBologna aIl Mulino c1968 a222 p. c22 cm asaggi, 77 v1 a1. Stato nascente.